|
|
|
|
| LEADER |
00000nam a2200000 a 4500 |
| 001 |
vtls001472313 |
| 003 |
SK-MaSNL |
| 005 |
20260301145129.0 |
| 008 |
240315s1997 gw d g b 00101 ger |
| 020 |
|
|
|a 3476151883
|q (brož.)
|
| 035 |
|
|
|a SNK000427615
|
| 040 |
|
|
|a SNK
|b slo
|c SNK
|e AACR2
|
| 041 |
0 |
|
|a ger
|
| 044 |
|
|
|a gw
|c DE
|
| 072 |
|
7 |
|a 792
|x Divadelné predstavenia
|2 konspekt
|
| 080 |
|
|
|a 792
|2 MDT-MRF
|
| 080 |
|
|
|a 82.09
|2 MDT-MRF
|
| 080 |
|
|
|a 821-2
|2 MDT-MRF
|
| 080 |
|
|
|a ( 048.8)
|2 MDT-MRF
|
| 100 |
1 |
|
|a Asmuth, Bernhard
|4 aut
|9 504475
|
| 245 |
1 |
0 |
|a Einführung in die Dramenanalyse
|c Bernhard Asmuth
|
| 250 |
|
|
|a 5. aktualisierte Aufl.
|
| 260 |
|
|
|a Stuttgart
|b J. B. Metzler
|c 1997
|
| 300 |
|
|
|a viii, 226 s.
|b grafy
|c 19 cm
|
| 490 |
1 |
|
|a Sammlung Metzler
|x 0558-3667
|v Bd. 188
|
| 650 |
0 |
7 |
|a dejiny divadla
|2 SNKPH
|9 83390
|
| 650 |
0 |
7 |
|a dráma
|x literárnovedné rozbory
|2 SNKPH
|9 504476
|
| 655 |
|
7 |
|a štúdie
|2 SNKPH
|9 57033
|
| 830 |
|
0 |
|a Sammlung Metzler
|9 386062
|
| 919 |
|
|
|a 3-476-15188-3
|
| 999 |
|
|
|c 779166
|d 781096
|
| 952 |
|
|
|t P60, <04>, [BOOK], {604}, -K-
|a SNK
|b SNK
|y VYP
|7 0
|p 17A0426330
|o snkID 97282
|i snkV 821/2004
|8 2
|g 16.03
|0 0
|1 0
|4 0
|d 2004-03-31
|l 0
|r 2005-01-02 00:00:00
|w 2026-02-24
|